[Event "Khanty-Mansiysk Governor Cup 7th"]
[Site "Khanty-Mansiysk"]
[Date "2011.09.06"]
[Round "7"]
[White "Musakaev, Emil"]
[Black "Seredov, Dmitrij"]
[Result "1/2-1/2"]
[WhiteElo "2325"]
[BlackElo "2164"]
[PlyCount "115"]
[EventDate "2011.08.31"]
[EventType "swiss"]
[EventRounds "9"]
[EventCountry "RUS"]
[SourceTitle "CBM 144 Extra"]
[Source "ChessBase"]
[SourceDate "2011.10.28"]
[SourceVersion "1"]
[SourceVersionDate "2011.10.28"]
[SourceQuality "1"]

1. e4 e6 2. d4 d5 3. Nc3 Bb4 4. e5 c5 5. a3 Bxc3+ 6. bxc3 Ne7 7. h4 Qa5 8. Bd2 Nbc6 9. h5 Qa4 10. Nf3 cxd4 11. Rh4 b6 12. Nxd4 Nxd4 13. Rxd4 Qd7 14. h6 gxh6 15. Qh5 Bb7 16. a4 a5 17. Rf4 Ng6 18. Rd4 Qc7 19. f4 0-0-0 20. Bd3 Rhg8 21. Kf2 Rdf8 22. Re1 f6 23. Kg1 Qg7 24. exf6 Qxf6 25. Qh3 Re8 26. Qxh6 Qh4 27. f5 Qxh6 28. Bxh6 exf5 29. Bxf5+ Kc7 30. Rb1 Bc6 31. Bd3 Kb7 32. c4 Ne5 33. Kf1 dxc4 34. Be4 Bxe4 35. Rxe4 Ng4 36. Rxe8 Rxe8 37. Bf4 Ne3+ 38. Kf2 Nd5 39. Bd2 c3 40. Be1 Re4 41. Ra1 Kc6 42. Ra3 Kc5 43. Bxc3 Nxc3 44. Rxc3+ Rc4 45. Rb3 Rxc2+ 46. Kf3 Rc4 47. Ra3 Kb4 48. Ra1 Rc3+ 49. Kf4 Ra3 50. Rb1+ Rb3 51. Ra1 Kc3 52. g4 Kb2 53. Rh1 Rb4+ 54. Kf5 Rxa4 55. Rh2+ Kb3 56. Rh3+ Kb4 57. Rxh7 Ra1 58. g5 1/2-1/2

[Event "Khanty-Mansiysk Governor Cup 7th"]
[Site "Khanty-Mansiysk"]
[Date "2011.09.05"]
[Round "6"]
[White "Seredov, Dmitrij"]
[Black "Demianjuk, Alexander"]
[Result "1-0"]
[WhiteElo "2164"]
[BlackElo "2317"]
[PlyCount "107"]
[EventDate "2011.08.31"]
[EventType "swiss"]
[EventRounds "9"]
[EventCountry "RUS"]
[SourceTitle "CBM 144 Extra"]
[Source "ChessBase"]
[SourceDate "2011.10.28"]
[SourceVersion "1"]
[SourceVersionDate "2011.10.28"]
[SourceQuality "1"]

1. d4 Nf6 2. c4 g6 3. f3 Bg7 4. e4 0-0 5. Nc3 d6 6. Bg5 Nbd7 7. Qd2 c5 8. d5 Re8 9. Nh3 h5 10. Nf2 Nh7 11. Bh6 Bh8 12. Be2 Ne5 13. 0-0 f5 14. exf5 gxf5 15. Rfe1 Bf6 16. Nh3 Bh8 17. Nf4 Nf6 18. Bd3 Kh7 19. Bg5 Rg8 20. h4 b5 21. cxb5 Rf8 22. Ne6 Bxe6 23. dxe6 Nxd3 24. Qxd3 Kg6 25. Ne2 Ne8 26. Nf4+ Kh7 27. Nd5 Bf6 28. Qxf5+ Kg7 29. Bxf6+ Nxf6 30. Qg5+ Kh7 31. Rad1 Rb8 32. Nxf6+ Rxf6 33. Qxh5+ Rh6 34. Qf7+ Kh8 35. Rd5 Qe8 36. Qxe8+ Rxe8 37. Re4 Rb8 38. a4 a6 39. bxa6 Ra8 40. Rxd6 exd6 41. e7 Re8 42. a7 d5 43. a8Q Rxa8 44. e8Q+ Rxe8 45. Rxe8+ Kg7 46. Rd8 d4 47. Rd5 Rc6 48. f4 Kf6 49. f5 d3 50. Rxd3 Kxf5 51. Rh3 Rb6 52. b3 Kg6 53. Rc3 Rb4 54. g3 1-0

[Event "Khanty-Mansiysk Governor Cup 7th"]
[Site "Khanty-Mansiysk"]
[Date "2011.09.01"]
[Round "2"]
[White "Seredov, Dmitrij"]
[Black "Shimanov, Aleksandr"]
[Result "0-1"]
[WhiteElo "2164"]
[BlackElo "2586"]
[PlyCount "68"]
[EventDate "2011.08.31"]
[EventType "swiss"]
[EventRounds "9"]
[EventCountry "RUS"]
[SourceTitle "CBM 144 Extra"]
[Source "ChessBase"]
[SourceDate "2011.10.28"]
[SourceVersion "1"]
[SourceVersionDate "2011.10.28"]
[SourceQuality "1"]

1. d4 e6 2. c4 b6 3. Nf3 Bb7 4. a3 f5 5. g3 Nf6 6. Bg2 g6 7. Nc3 Bg7 8. 0-0 0-0 9. d5 Na6 10. e4 Nxe4 11. Nxe4 fxe4 12. Ng5 exd5 13. cxd5 Nc5 14. Nxe4 Ba6 15. Bg5 Qc8 16. Re1 Nd3 17. Qb3 Nxe1 18. d6+ Kh8 19. Rxe1 c6 20. Bh3 c5 21. Be7 Qc6 22. Bxf8 Rxf8 23. Bg2 Bb7 24. f4 Bd4+ 25. Kh1 Re8 26. Qc2 Qxd6 27. Re2 Qd5 28. h4 Qa2 29. Kh2 Ba6 30. Rd2 Qe6 31. Ng5 Qg4 32. Bf3 Qf5 33. Qa4 Bd3 34. Qxa7 Re3 0-1

[Event "Tiumen"]
[Site "Tiumen"]
[Date "2011.02.06"]
[Round "11"]
[White "Seredov, Dmitrij"]
[Black "Shanturov, Genady"]
[Result "0-1"]
[WhiteElo "2183"]
[BlackElo "2091"]
[PlyCount "84"]
[EventDate "2011.01.22"]
[EventType "tourn"]
[EventRounds "11"]
[EventCountry "RUS"]
[EventCategory "2"]
[SourceTitle "EXT 2012"]
[Source "ChessBase"]
[SourceDate "2011.11.24"]
[SourceVersion "1"]
[SourceVersionDate "2011.11.24"]
[SourceQuality "1"]

1. d4 Nf6 2. e3 d5 3. f4 c5 4. c3 Nc6 5. Nf3 c4 6. Be2 Ne4 7. Nbd2 Nxd2 8. Bxd2 f6 9. 0-0 Bf5 10. Be1 e6 11. Nd2 Bd6 12. e4 Bg6 13. e5 Be7 14. Bh5 Qb6 15. Bxg6+ hxg6 16. Qg4 Kf7 17. Rb1 f5 18. Qe2 Qa6 19. b3 b5 20. a4 bxa4 21. bxc4 Na5 22. Rb5 dxc4 23. Nxc4 Nxc4 24. Qxc4 Rhc8 25. Qe2 a3 26. Bd2 Rab8 27. c4 Rxb5 28. cxb5 Qa4 29. d5 a2 30. dxe6+ Kxe6 31. Qe1 Bc5+ 32. Kh1 Bd4 33. Qg3 a1Q 34. Qxg6+ Kd5 35. Qf7+ Kc5 36. Qe7+ Kxb5 37. Be1 Qc4 38. Qd7+ Rc6 39. Qb7+ Bb6 40. Rg1 Qad4 41. Bf2 Qxf2 42. Rb1+ Qb4 0-1

[Event "Tiumen"]
[Site "Tiumen"]
[Date "2011.01.28"]
[Round "5"]
[White "Seredov, Dmitrij"]
[Black "Zakharov, Sergei D"]
[Result "1-0"]
[WhiteElo "2183"]
[BlackElo "2258"]
[PlyCount "71"]
[EventDate "2011.01.22"]
[EventType "tourn"]
[EventRounds "11"]
[EventCountry "RUS"]
[EventCategory "2"]
[SourceTitle "EXT 2012"]
[Source "ChessBase"]
[SourceDate "2011.11.24"]
[SourceVersion "1"]
[SourceVersionDate "2011.11.24"]
[SourceQuality "1"]

1. d4 b6 2. c4 e6 3. Nf3 Bb7 4. a3 f5 5. Nc3 Nf6 6. g3 Bxf3 7. exf3 d5 8. cxd5 exd5 9. Bd3 g6 10. 0-0 Bd6 11. Re1+ Kf7 12. Nb5 c5 13. dxc5 bxc5 14. b4 cxb4 15. Nxd6+ Qxd6 16. axb4 Nbd7 17. Ra6 Nb6 18. b5 Rhe8 19. Ba3 Qc7 20. Bb4 Rad8 21. Rxe8 Nxe8 22. Qa1 Rd7 23. Qh8 Nf6 24. Qf8+ Ke6 25. Ra1 Rd8 26. Re1+ Ne4 27. Qh6 Kf6 28. fxe4 dxe4 29. Bxe4 fxe4 30. Rxe4 Nd5 31. Bd2 Qc2 32. Qg5+ Kf7 33. Rd4 Rd7 34. Rxd5 Qb1+ 35. Bc1 Re7 36. Rd1 1-0

[Event "Khanty-Mansiysk Governor Cup 6th"]
[Site "Khanty-Mansiysk"]
[Date "2010.09.18"]
[Round "2"]
[White "Seredov, Dmitrij"]
[Black "Kopylov, Alexander A"]
[Result "0-1"]
[WhiteElo "2164"]
[BlackElo "2444"]
[PlyCount "138"]
[EventDate "2010.09.17"]
[EventType "swiss"]
[EventRounds "10"]
[EventCountry "RUS"]
[SourceTitle "CBM 138 Extra"]
[Source "ChessBase"]
[SourceDate "2010.10.29"]
[SourceVersion "1"]
[SourceVersionDate "2010.10.29"]
[SourceQuality "1"]

1. d4 Nf6 2. c4 e6 3. Nf3 Bb4+ 4. Bd2 Qe7 5. g3 0-0 6. Bg2 Bxd2+ 7. Qxd2 d6 8. Nc3 e5 9. 0-0 Nbd7 10. Rad1 Re8 11. Rfe1 c6 12. e4 Nf8 13. b4 Bg4 14. c5 dxc5 15. dxc5 Ne6 16. h3 Bxf3 17. Bxf3 Red8 18. Qb2 h5 19. Bg2 Nd4 20. Ne2 Nxe2+ 21. Qxe2 a5 22. a3 axb4 23. axb4 h4 24. gxh4 Qe6 25. h5 Qb3 26. h6 g6 27. Rb1 Qe6 28. Red1 Kh7 29. Qe3 Nh5 30. Qg5 f6 31. Qh4 Nf4 32. Kh2 g5 33. Qg3 Kxh6 34. b5 Ne2 35. Qe3 Nd4 36. bxc6 bxc6 37. Rb7 Kg6 38. Rdb1 Ra5 39. Rc7 Rb5 40. Ra1 Rd7 41. Raa7 Rxc7 42. Rxc7 Rxc5 43. Qa3 Nb5 44. Qxc5 Nxc7 45. Bf3 Qe8 46. Bg4 Ne6 47. Bf5+ Kg7 48. Qd6 Nd4 49. Bg4 Qf8 50. Qd7+ Qf7 51. Qd6 Qa7 52. Bd7 Kf7 53. Kg2 c5 54. Qd5+ Ke7 55. Bg4 Qc7 56. Qg8 c4 57. Qg7+ Kd6 58. Qxf6+ Kc5 59. Qxg5 c3 60. Qc1 Kc4 61. Qd1 Kb4 62. Qb1+ Kc5 63. Qc1 Qa5 64. Bd1 Qb4 65. Qg5 Qb8 66. h4 Ne6 67. Qe3+ Kb4 68. Kf3 Qd8 69. Ke2 Nf4+ 0-1

[Event "Tiumen UrFO-ch op"]
[Site "Tiumen"]
[Date "2009.05.11"]
[Round "8"]
[White "Seredov, Dmitrij"]
[Black "Uljanov, Oleg"]
[Result "1-0"]
[WhiteElo "2123"]
[BlackElo "2061"]
[PlyCount "51"]
[EventDate "2009.05.04"]
[EventType "swiss"]
[EventRounds "9"]
[EventCountry "RUS"]
[SourceTitle "EXT 2010"]
[Source "ChessBase"]
[SourceDate "2010.11.25"]
[SourceVersion "1"]
[SourceVersionDate "2010.11.25"]
[SourceQuality "1"]

1. d4 Nf6 2. c4 e6 3. Nc3 b6 4. e4 Bb7 5. e5 Ne4 6. Nxe4 Bxe4 7. Nf3 Bb4+ 8. Bd2 Qe7 9. Be2 Nc6 10. 0-0 0-0 11. Be3 Qe8 12. a3 Be7 13. Nd2 Bg6 14. f4 f5 15. d5 Na5 16. Bf3 Rb8 17. b4 Nb7 18. Nb3 Bf7 19. Nd4 Bd8 20. Qa4 a5 21. Rfd1 Kh8 22. dxe6 Bxe6 23. Nxe6 dxe6 24. Qxe8 Rxe8 25. Bc6 Re7 26. Bxb7 1-0

[Event "Tiumen UrFO-ch op"]
[Site "Tiumen"]
[Date "2009.05.07"]
[Round "4"]
[White "Seredov, Dmitrij"]
[Black "Fatkhutdinov, Gafiyat"]
[Result "0-1"]
[WhiteElo "2123"]
[BlackElo "2324"]
[PlyCount "58"]
[EventDate "2009.05.04"]
[EventType "swiss"]
[EventRounds "9"]
[EventCountry "RUS"]
[SourceTitle "EXT 2010"]
[Source "ChessBase"]
[SourceDate "2010.11.25"]
[SourceVersion "1"]
[SourceVersionDate "2010.11.25"]
[SourceQuality "1"]

1. d4 d5 2. c4 c6 3. Nc3 Nf6 4. Nf3 a6 5. e3 b5 6. cxd5 cxd5 7. a4 b4 8. Na2 e6 9. Bd2 a5 10. Bb5+ Bd7 11. Nc1 Bd6 12. Nb3 Bxb5 13. axb5 Nbd7 14. 0-0 0-0 15. Rc1 Ne4 16. Rc6 a4 17. Nc5 Ndxc5 18. dxc5 Bxc5 19. Ne5 Bd6 20. Nd3 Qb8 21. Rxd6 Nxd6 22. Bxb4 Rd8 23. Qg4 Qxb5 24. Bc3 Nf5 25. Nf4 Qc4 26. Qg5 h6 27. Qh5 d4 28. exd4 a3 29. d5 Qxf4 0-1

[Event "Tiumen UrFO-ch op"]
[Site "Tiumen"]
[Date "2009.05.05"]
[Round "2"]
[White "Seredov, Dmitrij"]
[Black "Mirovalov, Tagir"]
[Result "0-1"]
[WhiteElo "2123"]
[BlackElo "2372"]
[PlyCount "118"]
[EventDate "2009.05.04"]
[EventType "swiss"]
[EventRounds "9"]
[EventCountry "RUS"]
[SourceTitle "EXT 2010"]
[Source "ChessBase"]
[SourceDate "2010.11.25"]
[SourceVersion "1"]
[SourceVersionDate "2010.11.25"]
[SourceQuality "1"]

1. d4 f5 2. g3 Nf6 3. Bg2 g6 4. c3 Bg7 5. Qb3 c6 6. Nh3 Qb6 7. Nd2 Qxb3 8. axb3 Na6 9. b4 Nc7 10. Nc4 0-0 11. Nf4 a6 12. h4 d6 13. h5 Kf7 14. h6 Bh8 15. Nh3 Bd7 16. Ng5+ Kg8 17. Bd2 Rad8 18. 0-0-0 Ne6 19. Nb6 Nxg5 20. Bxg5 Be6 21. d5 cxd5 22. Bxf6 Bxf6 23. Nxd5 Rb8 24. Nxf6+ Rxf6 25. f4 Bd7 26. e3 Kf8 27. Rhe1 g5 28. Rh1 Rg6 29. Bd5 e6 30. Bf3 Ke7 31. Bh5 Rgg8 32. Rhg1 Bc6 33. g4 fxg4 34. Bxg4 Rbf8 35. Bh5 gxf4 36. exf4 Be4 37. Rg5 Bg6 38. Rdg1 Rxf4 39. Bxg6 Kf6 40. R5g2 hxg6 41. h7 Rh8 42. Rxg6+ Ke7 43. Rh1 Rf6 44. Rg8 Rf8 45. Rg7+ Rf7 46. Rhg1 Rxh7 47. Rg8 Rf8 48. b5 Rxg8 49. Rxg8 axb5 50. Rb8 Kf6 51. Kc2 e5 52. Kd3 Ke6 53. b4 Kd5 54. Ke3 e4 55. Kd2 Rh2+ 56. Ke3 Rh3+ 57. Kd2 Kc4 58. Rc8+ Kb3 59. Rd8 Rd3+ 0-1